000 00680nam a2200193Ii 4500
003 JO-AjNU
008 230606s9999||||xx |||||||||||||| ||und||
040 _aJO-AjNU
_beng
_erda
_cJO-AjNU
041 _aeng
050 1 4 _aRA971 2009
100 3 _aEvans , David,
_eauthor
_94817
245 0 4 _athe 8 arab conference new trends in hospital administration mitigating the impact of global economic crisis on health care systems
264 3 1 _aSharm el sheike , 2009
300 _a248p
336 _atext
_btxt
_2rdacontent
337 _aunmediated
_bn
_2rdamedia
338 _avolume
_bnc
_2rdacarrier
650 4 _aLong-range weather prediction using data mining :Acase study
_94818
999 _aE2494
_c2492
_d2492